Дело о награждении чиновников орденами и подарками

Доступно только в Электронных читальных залах Найти на картеНа карте
RUSMARC
00003612nmc2a22002413x 450
0016be6d063-08c6-46ab-954a-a47ea886061f
00520240402211514.0
100##$a20231027l18371837k l0rusy0189 ca
1010#$arus
102##$aRU
105##$ay###
1222#$ad
2001#$aДело о награждении чиновников орденами и подарками
$j21 апреля - 19 июня 1837 г.
215##$a22 л.
$d36,5х26 см
251##$cДело
300##$aНа обложке указано: "Внести в алфавит"
371##$aДокумент не является опубликованным и широко распространяемым
461#0$1001625a9a7e-a890-4307-a7fe-826a2289a412
$12001
$aГоф-интендантская контора МИДв
$1251
$cФонд
$1852
$j470
462#0$100101f0e647-76ba-4dd1-b847-d1fdcc425189
$12001
$aО наградах
$1251
$cОпись
$1852
$j4
$l542-1549
801#0$aRU
$bРГИА
$c20231027
$gRCR
801#1$aRU
$bГлавНИВЦ
$c20231027
$2rusmarc
801#2$aRU
$bПБ им. Б.Н. Ельцина
$c20240402
$gRCR
$2rusmarc
850##$aРГИА
852##$aРГИА
$eФедеральное казенное учреждение "Российский государственный исторический архив" (РГИА)
$j63
937##$hРГИА
$d12408004
$aASBIBLIO_SCAN
035##$aRusGRCC00071259
856##$uhttp://readingroom.main.prlib.ru/item.aspx?id_node=n191708346&mode=full
Формат отображения